| 000 | 00582nam a2200181 a 4500 | ||
|---|---|---|---|
| 005 | 20140414132102.0 | ||
| 008 | 100702s19uu xx 00 eng d | ||
| 020 | _a1-86371-106-6 | ||
| 050 |
_aM 598.07 _bL94 1992 |
||
| 100 | _aLoves, June | ||
| 245 |
_aOperation birdwatch : _bHow to observe and keep records of birds. |
||
| 260 |
_aAustralia : _bCollins Dove, _c1992. |
||
| 440 | _aSocial themes and language K-&. Strand 4. Environment | ||
| 500 | _aIncludes index. | ||
| 650 |
_aBird watching _xJuvenile literature. |
||
| 650 |
_aBirds _xJuvenile literature |
||
| 999 |
_c114480 _d114480 |
||